Famous Swedes - Pictures - Statistics

General Stats
  • This quiz has been taken 97 times
  • The average score is 13 of 32
Answer Stats
Picture Answer % Correct
Avicii
91%
Zlatan Ibrahimović
89%
Astrid Lindgren
71%
Stellan Skarsgård
71%
Dolph Lundgren
69%
Carl XVI Gustaf
67%
PewDiePie
60%
Måns Zelmerlöw
53%
Carl Linnaeus
51%
Alicia Vikander
49%
Gustav I
49%
Ingvar Kamprad
44%
Dr. Alban
42%
Peter Stormare
42%
Börje Salming
40%
Dag Hammarskjöld
40%
Glenn Hysén
40%
Henrik Lundqvist
40%
Carolina Klüft
38%
Ingmar Bergman
33%
Per Gessle
33%
Thomas Ravelli
33%
Evert Taube
27%
Sebastian Ingrosso
27%
Agnetha Fältskog
24%
Birger Jarl
22%
Cornelis Vreeswijk
22%
Joel Kinnaman
22%
Eddie Meduza
20%
Jan-Ove Waldner
20%
David Dencik
9%
Neneh Cherry
9%
No matching quizzes found
Score Distribution
Percent of People with Each Score
Percentile by Number Answered
Your Score History
You have not taken this quiz